| 000 | 00790nas a2200253 4500 | ||
|---|---|---|---|
| 001 | BR8705808 | ||
| 003 | BR-BrBNA | ||
| 005 | 20231205090817.0 | ||
| 007 | ta | ||
| 008 | 230509b bl.|||p| |||| 00| 00por d | ||
| 040 |
_aBR-BrBNA _bpor _cBiblioteca Nacional de Agricultura |
||
| 041 | _a(Pt) | ||
| 072 | _aH10 | ||
| 100 | 1 | _aStoropoli Neto, A. | |
| 100 | 1 | _aPacheco, J.M. | |
| 100 | 1 | _aMotta, L. | |
| 100 | 1 | _aPavan, C. | |
| 245 | 1 | _aMetodos de obtencao de ovos de cigarrinhas-de-pastagens Deois spp. (Homoptera, Cercopidae) | |
| 650 | _aCIGARRINHA DAS PASTAGENS | ||
| 650 | _aREPRODUCAO | ||
| 773 | 0 |
_tRevista Brasileira de Entomologia (Brazil) _xISSN 0085-5626 _g(Dec 1985), v. 29(3-4) p. 523-533 _wBR8705808 |
|
| 909 |
_a202311 _bLúcia _c55 _dLúcia Elande |
||
| 942 |
_2AGRIS _n0 _cANA |
||
| 999 |
_c120994 _d120994 |
||